Dirty thirty : Stephanie Plum / Janet Evanovich.
Stephanie Plum, Trenton's hardest working, most underappreciated bounty hunter, is offered a freelance assignment that seems simple enough. Local jeweler Martin Rabner wants her to locate his former security guard, Andy Manley (a.k.a. Nutsy), who he is convinced stole a fortune in diamonds out of his safe. Stephanie is also looking for another troubled man, Duncan Dugan, a fugitive from justice arrested for robbing the same jewelry store on the same day. With her boyfriend Morelli away in Miami on police business, Stephanie is taking care of Bob, Morelli's giant orange dog who will devour anything, from Stephanie's stray donuts to the upholstery in her car. Morelli's absence also means the inscrutable, irresistible security expert Ranger is front and center in Stephanie's life when things inevitably go sideways. And he seems determined to stay there. To complicate matters, her best friend Lula is convinced she is being stalked by a mythological demon hell-bent on relieving her of her wardrobe. An overnight stakeout with Stephanie's mother and Grandma Mazur reveals three generations of women with nerves of steel and driving skills worthy of NASCAR champions. As the body count rises and witnesses start to disappear, it won't be easy for Stephanie to keep herself clean when everyone else is playing dirty. It's a good thing Stephanie isn't afraid of getting a little dirty, too.
Record details
- ISBN: 9798885792653
- Physical Description: 433 pages (large print) ; 23 cm.
- Edition: Large print edition.
- Publisher: Waterville, Maine : Thorndike Press, a part of Gale, a Cengage Company, 2023.
Search for related items by subject
| Genre: | Detective and mystery fiction. Humorous fiction. Large print books. |
Search for related items by series
Available copies
- 1 of 1 copy available at scottsboropl.
Holds
- 0 current holds with 1 total copy.
Show Only Available Copies
| Location | Call Number / Copy Notes | Barcode | Shelving Location | Status | Due Date |
|---|---|---|---|---|---|
| scottsboropl | F Eva | 32269001294514 | Adult - Fiction | Available | - |
| LDR | 03853cam a2200649Ii 4500 | ||
|---|---|---|---|
| 001 | 162243 | ||
| 003 | SBPL | ||
| 005 | 20231128104608.0 | ||
| 008 | 230815t20232023meu ed 000 1 eng d | ||
| 020 | . | ‡a9798885792653 ‡q(large print) ‡q(hardcover) | |
| 035 | . | ‡a(OCoLC)1396570116 | |
| 037 | . | ‡bThorndike Pr, C/O Gale Group Po Box 9187, Farmington Hills, MI, USA, 48331-3535, (248)6994253 ‡nSAN 213-4373 | |
| 050 | 4. | ‡aPS3555.V2126 ‡bD57 2023 | |
| 082 | 1 | . | ‡a813/.54 ‡223 |
| 100 | 1 | . | ‡aEvanovich, Janet, ‡eauthor. |
| 245 | 1 | 0. | ‡aDirty thirty : ‡bStephanie Plum / ‡cJanet Evanovich. |
| 246 | 3 | . | ‡aDirty 30 |
| 250 | . | ‡aLarge print edition. | |
| 264 | 1. | ‡aWaterville, Maine : ‡bThorndike Press, a part of Gale, a Cengage Company, ‡c2023. | |
| 300 | . | ‡a433 pages (large print) ; ‡c23 cm. | |
| 336 | . | ‡atext ‡btxt ‡2rdacontent | |
| 337 | . | ‡aunmediated ‡bn ‡2rdamedia | |
| 338 | . | ‡avolume ‡bnc ‡2rdacarrier | |
| 340 | . | ‡nlarge print (16 point) ‡2rdafs | |
| 490 | 1 | . | ‡aStephanie Plum novel ; ‡v30 |
| 520 | . | ‡aStephanie Plum, Trenton's hardest working, most underappreciated bounty hunter, is offered a freelance assignment that seems simple enough. Local jeweler Martin Rabner wants her to locate his former security guard, Andy Manley (a.k.a. Nutsy), who he is convinced stole a fortune in diamonds out of his safe. Stephanie is also looking for another troubled man, Duncan Dugan, a fugitive from justice arrested for robbing the same jewelry store on the same day. With her boyfriend Morelli away in Miami on police business, Stephanie is taking care of Bob, Morelli's giant orange dog who will devour anything, from Stephanie's stray donuts to the upholstery in her car. Morelli's absence also means the inscrutable, irresistible security expert Ranger is front and center in Stephanie's life when things inevitably go sideways. And he seems determined to stay there. To complicate matters, her best friend Lula is convinced she is being stalked by a mythological demon hell-bent on relieving her of her wardrobe. An overnight stakeout with Stephanie's mother and Grandma Mazur reveals three generations of women with nerves of steel and driving skills worthy of NASCAR champions. As the body count rises and witnesses start to disappear, it won't be easy for Stephanie to keep herself clean when everyone else is playing dirty. It's a good thing Stephanie isn't afraid of getting a little dirty, too. | |
| 600 | 1 | 0. | ‡aPlum, Stephanie ‡c(Fictitious character) ‡vFiction. |
| 650 | 0. | ‡aWomen bounty hunters ‡vFiction. | |
| 650 | 0. | ‡aBail bond agents ‡zNew Jersey ‡zTrenton ‡vFiction. | |
| 650 | 0. | ‡aTheft ‡vFiction. | |
| 650 | 0. | ‡aDogs ‡vFiction. | |
| 650 | 0. | ‡aMothers and daughters ‡vFiction. | |
| 651 | 0. | ‡aTrenton (N.J.) ‡vFiction. | |
| 655 | 7. | ‡aDetective and mystery fiction. ‡2lcgft | |
| 655 | 7. | ‡aHumorous fiction. ‡2lcgft | |
| 655 | 7. | ‡aLarge print books. ‡2lcgft | |
| 800 | 1 | . | ‡aEvanovich, Janet. ‡tStephanie Plum novel ; ‡v30. |
| 901 | . | ‡a162243 ‡bAUTOGEN ‡c162243 ‡tbiblio | |